Países que producen más tabaco - Estadísticas

Estadísticas generales
  • Esta prueba ha sido intentada 33 veces
  • La puntuación promedio es 11 de 20
Estadísticas de respuestas
Toneladas País % Correcto
2,256,400 China
100%
147,520 Estados Unidos
100%
727,203 India
100%
637,749 Brasil
96%
353,386 Indonesia
84%
80,786 Argentina
80%
66,285 Tailandia
80%
108,000 Turquía
80%
184,982 Pakistán
72%
48,313 Vietnam
72%
97,814 Bangladesh
52%
33,900 Italia
52%
55,346 Filipinas
48%
117,464 Tanzania
40%
92,343 Mozambique
24%
32,092 Uganda
20%
88,034 Corea del Norte
16%
236,815 Zimbabue
12%
119,957 Malawi
4%
31,682 Yemen
0%
No se encontraron pruebas coincidentes
Distribución de puntuación
Porcentaje de gente con cada puntuación
Porcentaje por número respondido
Historial de tus puntuaciones
No has intentado esta prueba.